Localiza municipios: merindad de Olite - Estadísticas

Estadísticas generales
  • Esta prueba ha sido intentada 17 veces
  • La puntuación promedio es 20 de 27
Respuestas en el mapa
Las respuestas están codificadas por una escala verde-roja en el mapa de la prueba según el % correcto abajo.
 
Estadísticas de respuestas
Respuesta % Correcto
Marcilla
100%
Milagro
100%
Tafalla
100%
Artajona
80%
Garínoain
80%
Mendigorría
80%
Murillo el Cuende
80%
Murillo el Fruto
80%
Olite
80%
Orísoain
80%
Pitillas
80%
San Martín de Unx
80%
Ujué
80%
Unzué
80%
Barásoain
60%
Beire
60%
Berbinzana
60%
Caparroso
60%
Falces
60%
Funes
60%
Larraga
60%
Leoz
60%
Miranda de Arga
60%
Olóriz
60%
Peralta
60%
Pueyo
60%
Santacara
60%
No se encontraron pruebas coincidentes
Distribución de puntuación
Porcentaje de gente con cada puntuación
Porcentaje por número respondido
Historial de tus puntuaciones
No has intentado esta prueba.